000 00550nam a2200181 i 4500
001 91400
003 ES-MaACL
005 20230906180719.0
007 t|
008 050131s1968 sp ||||1| spa d
100 1 _aLevin, Ira.
_971968
245 1 3 _aLa semilla del diablo
_b: (Rosemary's baby) /
_cIra Levin ; [traducido por Enrique Obregón].
250 _a[1ª ed.].
260 _aBarcelona, etc. :
_bGrijalbo,
_c[1968]
300 _a272 p., 4 lám. ;
_c20 cm.
700 1 _aObregón, Enrique de.
_986425
852 _aES-MaACL
_jC-34748
_bR.67440
999 _c91400
_d91400